A-Z Flüsse (Stadt, Land, Fluss Training) - Statistiken

Allgemein
  • Dieses Quiz wurde 2.206 mal gespielt
    505 seit der letzten Aktualisierung
  • Das Durchschnittsergebnis liegt bei 12 aus 26
Antwortstatistiken
Buchstabe Fluß % Korrekt
A Aa
85%
D Don
81%
E Ems
75%
R Rur
72%
N Nil
69%
P Po
66%
I Ik
65%
M Mur
65%
W Wied
65%
S Sigi
64%
L Lahn
56%
O Ob
55%
T Tas
49%
G Gera
44%
F Fly
43%
J Jade
36%
H Hunte
35%
K Ket
28%
C Chamb
26%
U Ural
24%
B Bug
21%
Y Ybbs
15%
V Var
11%
Z Zihl
6%
Q Queis
5%
X Xingu
3%
Keine übereinstimmenden Quizze gefunden
Verteilung der Resultate
Anzahl Personen mit jedem Resultat
Perzentil nach korrekt beantworteten Fragen
Ihre Resultats-Entwicklung
Sie haben dieses Quiz seit der letzten Aktualisierung nicht gespielt